| 000 | 00926 a2200277 4500 | ||
|---|---|---|---|
| 005 | 20251118145728.0 | ||
| 008 | 251118b |||||||| |||| 00| 0 eng d | ||
| 020 | _a978103253751 (pbk) | ||
| 037 | _cTB | ||
| 040 |
_aCRL _cCRL |
||
| 041 |
_2eng _aeng |
||
| 084 |
_aMY(X:8) R5 _qCRL |
||
| 100 |
_aTaylor, Tracy _9821370 |
||
| 245 | _aManaging people in sport organizations | ||
| 250 | _a3rd Ed. | ||
| 260 |
_aLondon, UK; _aNew York, USA: _bRoutledge, _c2015. |
||
| 300 | _axi, 252p. | ||
| 365 |
_b49.99 _cUKP |
||
| 650 |
_aArts _9852048 |
||
| 650 |
_aSports _9852049 |
||
| 650 |
_aManagement _9852050 |
||
| 700 |
_aDoherty, Alison _eauthor. _9852051 |
||
| 700 |
_aKerwin, Shannon _eauthor. _9852052 |
||
| 942 |
_cTB _2CC _n0 _e3rd Ed. _hMY(X:8) R5 |
||
| 999 |
_c1435466 _d1435466 |
||